Facets of feminism : (Record no. 65278)

MARC details
000 -LEADER
fixed length control field 00470nam a22001457a 4500
005 - DATE AND TIME OF LATEST TRANSACTION
control field 20180726123445.0
020 ## - INTERNATIONAL STANDARD BOOK NUMBER
International Standard Book Number 8172111649
Terms of availability 400.00
035 ## - SYSTEM CONTROL NUMBER
System control number B-120036, B-120035
037 ## - SOURCE OF ACQUISITION
Stock number DPL
Source of stock number/acquisition ENG
100 ## - MAIN ENTRY--PERSONAL NAME
Personal name Ghosh, Raghunath
245 ## - TITLE STATEMENT
Title Facets of feminism :
Remainder of title Studies on the concept of woman in Indian tradition /
Statement of responsibility, etc by Raghunath Ghosh
260 ## - PUBLICATION, DISTRIBUTION, ETC. (IMPRINT)
Place of publication, distribution, etc New Delhi
Name of publisher, distributor, etc Northern Book Centre
Date of publication, distribution, etc 2005
300 ## - PHYSICAL DESCRIPTION
Extent vi, 118p.
Dimensions 20 cms.
942 ## - ADDED ENTRY ELEMENTS (KOHA)
Source of classification or shelving scheme Dewey Decimal Classification
Item type English Books
Classification part 305.4
Call number suffix GHO
Holdings
Withdrawn status Lost status Not for loan Collection code Home library Current library Date acquired Cost, normal purchase price Full call number Barcode Cost, replacement price Koha item type Source of acquisition
      Non-fiction Patel Nagar Patel Nagar 26/07/2018 400.00 305.4 GHO B-120035 400.00 English Books BPPD/PUB
      Non-fiction Sarojini Nagar Sarojini Nagar 19/04/2012 400.00 305.4 GHO B-120036 400.00 English Books  

© Delhi Public Library
Hit Counter
free hit counter